000 00497nam a2200193 4500
001 44803
090 _a44803
100 _a20250922 pory50
101 _apor
102 _aPT
200 _aDa Vinci e o se código de vida
_fprod. e realiz. Robert Gardner
_gCanal História
210 _a[S.l.]
_cDivisa Home Video ,
_cpara a RBA (dist.)
_d2012
215 _a1 DVD
300 _aM/6 91 m.
600 _aDa Vinci
_bLeonardo
675 _a929
675 _a7
801 _aPT
_gRPC
990 _cFILMES DVD